Interface between competition policy and consumer policy

Ciele politiky hospodárskej súťaže a vplyvy, ktoré na ňu pôsobia vrátane pravidelnej odmeny komisárov zodpovedných za hospodársku súťaž v Európskej komisii. Odlišnosti pojmu spotrebiteľský blahobyt a ochrana spotrebiteľa.

Enregistré dans:
Détails bibliographiques
Auteur principal: Musil, Aleš
Format: Chapitre de livre
Langue:anglais
Sujets:
Tags: Ajouter un tag
Pas de tags, Soyez le premier à ajouter un tag!

MARC

LEADER 00000naa a2200000 4500
001 0161972
005 20231128124822.0
041 0 |a eng 
044 |a CZ 
245 1 0 |a Interface between competition policy and consumer policy  |c Aleš Musil 
520 |a Ciele politiky hospodárskej súťaže a vplyvy, ktoré na ňu pôsobia vrátane pravidelnej odmeny komisárov zodpovedných za hospodársku súťaž v Európskej komisii. Odlišnosti pojmu spotrebiteľský blahobyt a ochrana spotrebiteľa. 
610 2 0 |a Európska únia 
610 2 0 |a ochrana súťaže hospodárskej 
610 2 0 |a ochrana spotrebiteľa 
610 2 0 |a súťaž hospodárska 
610 2 0 |a politika spotrebiteľská 
610 2 0 |a Európska komisia 
610 2 0 |a spotrebitelia 
610 2 0 |a sloboda ekonomická 
100 1 |a Musil, Aleš